La patrulla del bosc : arriba l'estiu! / arriba l'estiu! /
ISBN:
9788494895548
Descripción Física:
18 p. ; il. col. ; 22 cm
Otros Autores:
Ortí, Mercè
Idioma:
Catalán
MARC
| LEADER | 00000nam a22000007a 4500 | ||
|---|---|---|---|
| 001 | 25154 | ||
| 008 | 220214b spa||||| |||| 00| 0 cat d | ||
| 017 | |a B 18110-2019 | ||
| 020 | |a 9788494895548 | ||
| 100 | 1 | |9 52503 |a Riera, Núria | |
| 245 | |a La patrulla del bosc : |b arriba l'estiu! / |c Núria Riera & Mercè Ortí | ||
| 250 | |a Primera edició : |b juliol 2019 | ||
| 260 | |a Terrassa : |b Edicions La Finestra ; |c 2019 | ||
| 300 | |a 18 p. ; |b il. col. ; |c 22 cm | ||
| 500 | |a Llibre infantil sobre la prevenció d'incendis forestals | ||
| 586 | |a Premi Jordi Peix 2018 | ||
| 650 | 0 | |a Incendis forestals |x Prevenció i control |9 50256 | |
| 655 | 0 | |a Contes infantils |9 67183 | |
| 700 | 1 | |9 52504 |a Ortí, Mercè |e il·lustracions | |
| 942 | |2 udc |n 1 |c ARXIU | ||
| 952 | |0 0 |1 0 |4 0 |6 BIB426 |7 1 |9 60995 |a Arxiu |b Arxiu |d 2022-02-14 |l 0 |o Bib-426 |p 25154 |r 2022-02-14 00:00:00 |w 2022-02-14 |y ARXIU | ||
| 999 | |c 81120 |d 81120 | ||